书目信息 |
| 题名: |
天球仪说明书
|
|
| 作者: | ||
| 分册: | ||
| 出版信息: | 上海五一文教用品社 |
|
| 页数: | 48页 | |
| 开本: | 20cm | |
| 丛书名: | ||
| 单 册: | ||
| 中图分类: | P111 | |
| 科图分类: | ||
| 主题词: | 天文观测--观测设备 , 天文观测--资料 | |
| 电子资源: | ||
| ISBN: | ||
| 000 | 00427nam0 2200169 450 | |
| 001 | 0629529466 | |
| 005 | 20060912081333.03 | |
| 100 | @a20060912d km y0chiy0120 ea | |
| 101 | 0 | @achi |
| 200 | 1 | @a天球仪说明书@Atian qiu yi shuo ming shu |
| 210 | @c上海五一文教用品社 | |
| 215 | @a48页@d20cm | |
| 606 | 0 | @a天文观测@x观测设备 |
| 606 | 0 | @a天文观测@x资料 |
| 690 | @aP111@v3 | |
| 801 | 0 | @aCN@bPFT@c20060912 |
| 905 | @a10447@dP111@e125 | |
| 天球仪说明书.-上海五一文教用品社 |
| 48页;20cm |
| ISBN : |
| ● |
| 相关链接 |
|
|
|
|
正题名:天球仪说明书
索取号:P111/125
 
预约/预借
| 序号 | 登录号 | 条形码 | 馆藏地/架位号 | 状态 | 备注 |
| 1 | 0470551 | 204705514 | 密集书库/ [索取号:P111/125] | 在馆 |